| 000 | 00746nas a2200241 4500 | ||
|---|---|---|---|
| 001 | BR7604225 | ||
| 003 | BR-BrBNA | ||
| 005 | 20231205083022.0 | ||
| 007 | ta | ||
| 008 | 230509b bl.|||p| |||| 00| 00por d | ||
| 040 |
_aBR-BrBNA _bpor _cBiblioteca Nacional de Agricultura |
||
| 041 | _a(Pt) | ||
| 072 | _aF28 | ||
| 100 | 1 | _aAnon. | |
| 245 | 1 | _aPesquisa: os efeitos de uma chuva artificial [erosao do solo, Rio Grande do Sul, Brasil] | |
| 650 | _aSIMULADOR DE CHUVA | ||
| 650 | _aEROSAO DO SOLO | ||
| 650 | _aCHUVA ARTIFICIAL | ||
| 650 | _aRIO GRANDE DO SUL | ||
| 773 | 0 |
_tAgricultura e Cooperativismo (Brazil) _xISSN 0100-5758 _g(Jun 1976), v. 1(2) p. 16-17 _wBR7604225 |
|
| 909 |
_a202311 _bLúcia _c55 _dLúcia Elande |
||
| 942 |
_2AGRIS _n0 _cANA |
||
| 999 |
_c95798 _d95798 |
||